000 00568nam a22002297a 4500
003 OSt
005 20260318104205.0
008 260318b |||||||| |||| 00| 0 spa d
020 _a84-311-0465-2
040 _cBiblioteca Ernesto Sábato
092 _a616.89
_bH493
_eBDGR
100 _4Ey, Henri
245 _aTratado de psiquiatría
250 _a5a. ed.
260 _aBarcelona
_bToray Masson S.A.
_c1978
300 _a1100 p.
650 _aPSIQUIATRIA
650 _aPSICOLOGIA
700 _aPaul Bernard
700 _aCharles Brisset
942 _2ddc
_cBDGR
999 _c36674
_d36674